Statistics for Most Populous Countries by Bordering Sea

Click here to take the quiz!

General Stats

  • This quiz has been taken 602 times
  • The average score is 22 of 28

Answer Stats

SeaPopulationCountry% Correct
Mediterranean, North67.5mFrance
90%
Mediterranean60.5mItaly
89%
Caribbean128.9mMexico
89%
North67.9mUnited Kingdom
89%
South China1.45bChina
88%
North, Baltic83.8mGermany
88%
Baltic145.9mRussia
88%
Mediterranean46.8mSpain
88%
Caribbean11.3mCuba
87%
Arabian1.38bIndia
86%
Mediterranean102.3mEgypt
84%
Baltic10.1mSweden
84%
Mediterranean84.3mTurkey
82%
Baltic5.8mDenmark
79%
Baltic37.8mPoland
79%
Arabian220.9mPakistan
77%
Arabian84.0mIran
76%
North17.1mNetherlands
76%
South China273.5mIndonesia
75%
Caribbean50.8mColombia
74%
Caribbean28.4mVenezuela
74%
South China97.3mVietnam
73%
North11.6mBelgium
72%
South China109.6mPhilippines
69%
South China32.4mMalaysia
66%
Caribbean17.9mGuatemala
64%
Arabian29.8mYemen
59%
Arabian15.9mSomalia
48%

Score Distribution

Percentile by Number Answered

Percent of People with Each Score

Your Score History

You have not taken this quiz